=LDR 00000nam 2200000 4500 =001 000390 =005 20250710044103 =035 ##$$a 0010-0725000252 =007 ta =008 250710################a##########0#ind## =020 ##$$a 978-623-118-911-0 =082 ##$$a 398.209 598 =084 ##$$a 398.209 598 NUR m =100 #$$a Nurmayasari, Nindia =245 1#$$a Motor Bambu Ranu /$c Nindia Maya =250 ##$$a Cetakan Pertama =260 ##$$a Jakarta :$b Kemendikbud,$c 2023 =300 ##$$a 36 hlm. : $b ilus. ; $c 29,7 cm =650 #4$$a CERITA ANAK-INDONESIA =650 #4$$a KESUSASTRAAN ANAK =990 ##$$a TBM202400113